| 000 | 00705nam a22002057a 4500 | ||
|---|---|---|---|
| 008 | 160329b xxu||||| |||| 00| 0 eng d | ||
| 020 | _a13: 978-1-60649-572-8 | ||
| 082 |
_22012 _aDC 658.3124 _bK84 |
||
| 100 |
_94475 _aKorda, Philippe. |
||
| 245 |
_aStrategy and training: _bmaking skills a competitive advantage/ _cPhilippe Korda. |
||
| 260 |
_aNew York: _bBusiness Expert Press, _cc2012. |
||
| 300 |
_axii, 182 pages; _c23 cm. |
||
| 440 |
_94478 _aThe strategic management collection. |
||
| 500 | _aIncludes index. | ||
| 650 | 0 |
_94479 _aManpower planning. |
|
| 650 | 0 |
_94480 _aCareer development. |
|
| 650 | 0 |
_94481 _aEmployees _xTraining. |
|
| 650 | 0 |
_94482 _aPerformance technology. |
|
| 942 |
_2ddc _cDC |
||
| 999 |
_c1474 _d1474 |
||